| 000 | 00440nam a2200181Ia 4500 | ||
|---|---|---|---|
| 005 | 20251020182600.0 | ||
| 008 | 200515s9999 xx 000 0 und d | ||
| 082 | _aSC/331/O36/3 | ||
| 110 | _aOIT | ||
| 245 | 0 | _aEl trabajo en el mundo : Los ingresos laborales : entre la equidad y la eficiencia | |
| 260 | _aGinebra | ||
| 260 | _c1987 | ||
| 300 | _a187 | ||
| 650 | _aEMPLEO | ||
| 650 | _aPUB OIT | ||
| 650 | _aSALARIOS | ||
| 942 | _cLIB | ||
| 999 |
_c3035 _d3035 |
||